<?xml version="1.0" encoding="UTF-8"?>
<record
    xmlns:xsi="http://www.w3.org/2001/XMLSchema-instance"
    xsi:schemaLocation="http://www.loc.gov/MARC21/slim http://www.loc.gov/standards/marcxml/schema/MARC21slim.xsd"
    xmlns="http://www.loc.gov/MARC21/slim">

  <leader>01140nam0a22002891  4500</leader>
  <controlfield tag="001">rc\469654</controlfield>
  <controlfield tag="005">20260406071020.0</controlfield>
  <datafield tag="010" ind1=" " ind2=" ">
    <subfield code="a">5-85500-015-H</subfield>
    <subfield code="9">200000</subfield>
  </datafield>
  <datafield tag="035" ind1=" " ind2=" ">
    <subfield code="a">(NLR Aleph) 005713557</subfield>
  </datafield>
  <datafield tag="090" ind1=" " ind2=" ">
    <subfield code="a">7403609</subfield>
    <subfield code="c">7403609</subfield>
  </datafield>
  <datafield tag="100" ind1=" " ind2=" ">
    <subfield code="a">20030616d1988    |||y0rusy50      ca</subfield>
  </datafield>
  <datafield tag="101" ind1="0" ind2=" ">
    <subfield code="a">rus</subfield>
  </datafield>
  <datafield tag="102" ind1=" " ind2=" ">
    <subfield code="a">RU</subfield>
  </datafield>
  <datafield tag="105" ind1=" " ind2=" ">
    <subfield code="a">y   |||||||||</subfield>
  </datafield>
  <datafield tag="200" ind1="1" ind2=" ">
    <subfield code="a">&#x421;&#x43F;&#x435;&#x446;&#x433;&#x440;&#x443;&#x437; &#x438;&#x437; &#x41C;&#x443;&#x440;&#x43C;&#x430;&#x43D;&#x441;&#x43A;&#x430;</subfield>
    <subfield code="e">[&#x420;&#x43E;&#x43C;&#x430;&#x43D;&#x44B;]</subfield>
    <subfield code="f">&#x425;&#x44D;&#x43C;&#x43C;&#x43E;&#x43D;&#x434; &#x418;&#x43D;&#x43D;&#x435;&#x441;</subfield>
    <subfield code="g">[&#x41F;&#x435;&#x440;. &#x441; &#x430;&#x43D;&#x433;&#x43B;. &#x410;.&#x421;. &#x428;&#x430;&#x440;&#x43E;&#x432;&#x430;, &#x412;.&#x410;. &#x412;&#x435;&#x431;&#x435;&#x440;&#x430;]</subfield>
  </datafield>
  <datafield tag="210" ind1=" " ind2=" ">
    <subfield code="a">&#x41A;&#x430;&#x43B;&#x438;&#x43D;&#x438;&#x43D;&#x433;&#x440;&#x430;&#x434;</subfield>
    <subfield code="c">&#x41A;&#x43D;. &#x438;&#x437;&#x434;-&#x432;&#x43E;</subfield>
    <subfield code="d">1988</subfield>
  </datafield>
  <datafield tag="215" ind1=" " ind2=" ">
    <subfield code="a">445, [2] &#x441;.</subfield>
    <subfield code="d">17</subfield>
  </datafield>
  <datafield tag="225" ind1="1" ind2=" ">
    <subfield code="a">&#x41C;&#x43E;&#x440;&#x441;&#x43A;&#x43E;&#x439; &#x440;&#x43E;&#x43C;&#x430;&#x43D;</subfield>
  </datafield>
  <datafield tag="327" ind1="1" ind2=" ">
    <subfield code="a">&#x421;&#x43E;&#x434;&#x435;&#x440;&#x436;.: &#x421;&#x43F;&#x435;&#x446;&#x433;&#x440;&#x443;&#x437; &#x438;&#x437; &#x41C;&#x443;&#x440;&#x43C;&#x430;&#x43D;&#x441;&#x43A;&#x430;; &#x411;&#x435;&#x440;&#x435;&#x433; &#x43C;&#x430;&#x440;&#x43E;&#x434;&#x435;&#x440;&#x43E;&#x432;</subfield>
  </datafield>
  <datafield tag="464" ind1=" " ind2="0">
    <subfield code="1">2001#$a&#x421;&#x43F;&#x435;&#x446;&#x433;&#x440;&#x443;&#x437; &#x438;&#x437; &#x41C;&#x443;&#x440;&#x43C;&#x430;&#x43D;&#x441;&#x43A;&#x430;</subfield>
    <subfield code="t">&#x421;&#x43F;&#x435;&#x446;&#x433;&#x440;&#x443;&#x437; &#x438;&#x437; &#x41C;&#x443;&#x440;&#x43C;&#x430;&#x43D;&#x441;&#x43A;&#x430;</subfield>
  </datafield>
  <datafield tag="464" ind1=" " ind2="0">
    <subfield code="1">2001#$a&#x411;&#x435;&#x440;&#x435;&#x433; &#x43C;&#x430;&#x440;&#x43E;&#x434;&#x435;&#x440;&#x43E;&#x432;</subfield>
    <subfield code="t">&#x411;&#x435;&#x440;&#x435;&#x433; &#x43C;&#x430;&#x440;&#x43E;&#x434;&#x435;&#x440;&#x43E;&#x432;</subfield>
  </datafield>
  <datafield tag="700" ind1=" " ind2="1">
    <subfield code="8">rus</subfield>
    <subfield code="7">ca</subfield>
    <subfield code="a">&#x418;&#x43D;&#x43D;&#x435;&#x441;</subfield>
    <subfield code="b">&#x425;.</subfield>
    <subfield code="f">1913-1998</subfield>
    <subfield code="g">&#x425;&#x44D;&#x43C;&#x43C;&#x43E;&#x43D;&#x434;</subfield>
    <subfield code="3">RU\NLR\AUTH\7716177</subfield>
    <subfield code="9">125819</subfield>
  </datafield>
  <datafield tag="801" ind1=" " ind2="0">
    <subfield code="a">RU</subfield>
    <subfield code="b">NLR</subfield>
    <subfield code="g">psbo</subfield>
  </datafield>
  <datafield tag="801" ind1=" " ind2="1">
    <subfield code="a">RU</subfield>
    <subfield code="b">ELAR</subfield>
    <subfield code="2">rusmarc</subfield>
  </datafield>
  <datafield tag="852" ind1=" " ind2=" ">
    <subfield code="a">NLR</subfield>
    <subfield code="j">88-2/1499</subfield>
  </datafield>
  <datafield tag="942" ind1=" " ind2=" ">
    <subfield code="c">BOOK</subfield>
  </datafield>
  <datafield tag="980" ind1=" " ind2=" ">
    <subfield code="a">NB</subfield>
  </datafield>
  <datafield tag="995" ind1=" " ind2=" ">
    <subfield code="5">2013-10-26</subfield>
    <subfield code="b">NLR01</subfield>
    <subfield code="c">NLR01</subfield>
    <subfield code="e">RF9</subfield>
    <subfield code="f">5713557-10</subfield>
    <subfield code="k">88-2/1499</subfield>
    <subfield code="o">0</subfield>
    <subfield code="r">BOOK</subfield>
    <subfield code="s">8821499_</subfield>
  </datafield>
</record>
